Maths - Divide by 9 - Sudden Death - Statistics

General Stats
  • This quiz has been taken 137 times
  • The average score is 13 of 20
Answers on the Grid
Answers color-coded by a green-red scale on the quiz's grid according to % correct below.
1008
999
989
936
855
832
810
799
765
729
699
675
630
599
585
540
499
477
441
405
399
387
378
278
252
202
198
109
81
63
 
Answer Stats
Answer % Correct
999
88%
1008
76%
81
73%
63
71%
855
68%
198
66%
405
66%
810
66%
936
66%
252
63%
675
63%
729
63%
765
63%
441
61%
378
59%
477
59%
540
59%
630
59%
387
56%
585
56%
No matching quizzes found
Score Distribution
Percent of People with Each Score
Percentile by Number Answered
Your Score History
You have not taken this quiz